| 000 | 01880cam a22004694i 4500 | ||
|---|---|---|---|
| 003 | PE-LiUPU | ||
| 005 | 20250731173552.0 | ||
| 008 | 150616s r 000 0 d | ||
| 020 | _a0891077677 | ||
| 035 | _a(Sirsi) i9780891077671 | ||
| 040 |
_aPE-LiUPU _bspa _cPE-LiUPU _erda |
||
| 049 | _aPRUA | ||
| 082 | 0 | 4 |
_a220.63 _bM17 _221 |
| 100 | 1 |
_aMaier, Gerhard, _eautor. |
|
| 245 | 1 | 0 |
_aBiblical Hermeneutics / _cGerhard Maier. |
| 264 | 1 |
_aWheaton, Illinois : _bCrossway Books, _c1994. |
|
| 300 |
_a526 páginas ; _c23 centímetros |
||
| 336 |
_atext _2rdacontent |
||
| 337 |
_aunmediated _2rdamedia |
||
| 338 |
_avolume _2rdacarrier |
||
| 504 | _aBibliografía: páginas 413-447. | ||
| 505 | 0 | _aDefining the hermeneutical task.- The starting point of hermeneutics.- Theological hermeneutics as science.- The interpreter.- Ways of understanding revelation.- The inspiration of scripture.- The canon.- The authority of scripture.- The unity of scripture.- The historical nature (historicality) of scripture.- Revelation and criticism.- Revelation and method.- Developing a biblical-historical interpretation. | |
| 526 | _aSEG42 | ||
| 526 | _aSEG41 | ||
| 526 | _aSEG40 | ||
| 526 | _aSEG39 | ||
| 526 | _aP94 | ||
| 526 | _aP87 | ||
| 526 | _aP86 | ||
| 526 | _aP85 | ||
| 526 | _aP77 | ||
| 526 | _aP76 | ||
| 526 | _aP35 | ||
| 650 | 0 | 4 | _aHermenéutica bíblica. |
| 910 |
_ajck _bjvq _cjck |
||
| 942 |
_2ddc _cBOOK |
||
| 949 |
_a220.63 M17 _wDEWEY _c1 _i43202 _lCCODEBUL1 _mBUL _r0 _sY _tBOOK _u2015-6-16 _xTEOLOGIA _zUNKNOWN _0COMPRA _o.STAFF. Colección General |
||
| 994 |
_aC0 _bPEPRU |
||
| 596 | _a1 | ||
| 999 |
_a220.63 M17 _wDEWEY _c61162 _i43202 _d61162 _e2019-1-13 _f2021-11-9 _g5 _lCCODEBUL1 _mBUL _n2 _q1 _r0 _sY _tBOOK _u2015-6-16 _xTEOLOGIA _zUNKNOWN _0COMPRA _o.STAFF. Colección General |
||
| 980 |
_81 _gALBERTO SANCHEZ Responsable de Automatización |
||